<?xml version="1.0" encoding="UTF-8"?>
<record
    xmlns:xsi="http://www.w3.org/2001/XMLSchema-instance"
    xsi:schemaLocation="http://www.loc.gov/MARC21/slim http://www.loc.gov/standards/marcxml/schema/MARC21slim.xsd"
    xmlns="http://www.loc.gov/MARC21/slim">

  <leader>01067naa a22001697a 4500</leader>
  <controlfield tag="001">10331</controlfield>
  <controlfield tag="003">KOSZ 005</controlfield>
  <controlfield tag="005">20180425105542.0</controlfield>
  <controlfield tag="008">180420s2009    pl ||||| |||| 00| 0 pol d</controlfield>
  <datafield tag="040" ind1=" " ind2=" ">
    <subfield code="c">KOSZ 005/HR</subfield>
    <subfield code="d">KOSZ 005/HR</subfield>
  </datafield>
  <datafield tag="100" ind1=" " ind2=" ">
    <subfield code="a">HEESE, Tomasz.</subfield>
    <subfield code="d">1996 -.</subfield>
    <subfield code="b">Politechnika Koszali&#x144;ska - Wydzia&#x142; Budownictwa i In&#x17C;ynierii &#x15A;rodowiska,</subfield>
    <subfield code="c">Katedra Biologii &#x15A;rodowiskowej</subfield>
  </datafield>
  <datafield tag="245" ind1="1" ind2="0">
    <subfield code="a">Zastosowanie metod akustycznych w badaniach w&#x119;dr&#xF3;wek ryb na przyk&#x142;adzie sieci z jeziora &#x141;ebsko /</subfield>
    <subfield code="c">Tomasz Heese, Micha&#x142; Arciszewski.</subfield>
  </datafield>
  <datafield tag="500" ind1=" " ind2=" ">
    <subfield code="a">Materia&#x142;y z konf., 19-21 wrze&#x15B;nia 2012 r., &#x141;ag&#xF3;w Lubuski. </subfield>
  </datafield>
  <datafield tag="700" ind1="1" ind2=" ">
    <subfield code="a">ARCISZEWSKI, Micha&#x142;.</subfield>
    <subfield code="d">1996 - 2003.</subfield>
    <subfield code="b">Politechnika Koszali&#x144;ska - Wydzia&#x142; Budownictwa i Ochrony &#x15A;rodowiska,</subfield>
    <subfield code="c">Zak&#x142;ad Biologii &#x15A;rodowiskowej</subfield>
  </datafield>
  <datafield tag="773" ind1="0" ind2=" ">
    <subfield code="i">W :</subfield>
    <subfield code="t">Ekonomiczne, spo&#x142;eczne i prawne wyzwania pa&#x144;stwa morskiego w Unii Europejskiej : praca zbiorowa / pod red. Stanis&#x142;awa Piochy i Tomasza Heese. -</subfield>
    <subfield code="d">Koszalin ; Ko&#x142;obrzeg : &#x15A;rodkowopomorska Rada Naczelnej Organizacji Technicznej, 2009. -</subfield>
    <subfield code="z">9788392685418</subfield>
  </datafield>
  <datafield tag="942" ind1=" " ind2=" ">
    <subfield code="c">ROZ</subfield>
    <subfield code="2">UKD</subfield>
  </datafield>
  <datafield tag="999" ind1=" " ind2=" ">
    <subfield code="c">10331</subfield>
    <subfield code="d">10331</subfield>
  </datafield>
</record>
